000 00457nam a22001577a 4500
008 230518b |||||||| |||| 00| 0 eng d
040 _aNational Science Library
_cNational Science Library
080 _a582.5(024)
_bJ0.3
100 _aAndrews, F W
_99295
245 _aFlowering plants of the Sudan
260 _aScotland:
_bPublished for the Sudan Government,
_c1956
300 _a579p.
650 _aBiology
653 _aPlant
942 _2udc
_cBK
999 _c31624
_d31624